Statistiken für Vornamen aus der Fußball-Bundesliga 1999/00

Klicken Sie hier um das Quiz zu spielen!

Allgemein

  • Dieses Quiz wurde 193 mal gespielt
  • Das Durchschnittsergebnis liegt bei 11 aus 18

Antwortstatistiken

NachnameVereinVorname% Korrekt
BallackBayer LeverkusenMichael
98%
LabbadiaArminia BielefeldBruno
90%
DardaiHertha BSCPal
88%
ElberBayern MünchenGiovane
87%
BreitenreiterSpvgg. UnterhachingAndré
81%
SandSchalke 04Ebbe
79%
AddoBorussia DortmundOtto
75%
YeboahHamburger SVAnthony
69%
BaumannWerder BremenFrank
65%
KobiashviliSC FreiburgLevan
59%
Djorkaeff1. FC KaiserslauternYouri
51%
ReitmaierVfL WolfsburgClaus
47%
Winkler1860 MünchenBernhard
37%
WohlfahrtVfB StuttgartFranz
34%
SpiesMSV DuisburgUwe
32%
LauxSSV UlmPhilipp
28%
SchurEintracht FrankfurtAlexander
26%
WeilandtHansa RostockHilmar
18%

Verteilung der Resultate

Perzentil nach korrekt beantworteten Fragen

Anzahl Personen mit jedem Resultat

Ihre Resultats-Entwicklung

Sie haben dieses Quiz noch nicht gespielt